Statystyki dla Wisła Płock, jesień 2019/2020

Kliknij tutaj aby rozwiązać quiz!

Ogólne statystyki

  • Ten quiz został rozwiązany 71 razy
    (61 od ostatniego zresetowania)
  • Średni wynik to 14 z 32

Statystyki odpowiedzi

PozycjaImię i Nazwisko% Poprawnych
PomocnikDominik Furman
97%
BramkarzThomas Dahne
83%
ObrońcaJakub Rzeżniczak
81%
NapastnikRicardinho
74%
NapastnikOskar Zawada
69%
PomocnikGiorgi Merebashvili
69%
BramkarzBartłomiej Żynel
69%
PomocnikDamian Rasak
67%
ObrońcaAlan Uryga
66%
ObrońcaCezary Stefańczyk
66%
PomocnikMateusz Szwoch
62%
NapastnikGrzegorz Kuświk
53%
ObrońcaJarosław Fojut
50%
BramkarzJakub Wrąbel
47%
ObrońcaDamian Michalski
45%
ObrońcaPiotr Tomasik
45%
NapastnikKarol Angielski
45%
ObrońcaMichał Marcjanik
38%
ObrońcaPatryk Stępiński
34%
BramkarzMarcel Zapytowski
33%
NapastnikOlaf Nowak
33%
ObrońcaBartłomiej Sielewski
29%
PomocnikTitas Milasius
22%
PomocnikHubert Adamczyk
22%
PomocnikMikołaj Kwietniewski
22%
PomocnikAlen Stevanović
21%
PomocnikAleksander Pawlak
19%
PomocnikMaciej Spychała
17%
ObrońcaAngel Garcia Cabezali
16%
NapastnikPatryk Leszczyński
12%
PomocnikRiccardo Grym
12%
PomocnikSuad Sahiti
3%

Rozkład punktacji

Percentyl według liczby udzielonych odpowiedzi

Procent ludzi z każdym wynikiem

Twoja historia wyników

Nie rozwiązałeś tego quizu od ostatniego zresetowania